| 000 | 00563nam a2200205 a 4500 | ||
|---|---|---|---|
| 001 | 1105 | ||
| 003 | CDMR | ||
| 005 | 20131202131237.0 | ||
| 008 | 130130s1982||||||||||||||||||||||||||||d | ||
| 020 | _a8486008042 | ||
| 040 |
_aCDMR _bcat _cCDMR |
||
| 100 | 1 |
_aAguilar, Miguel Ángel _9873 |
|
| 245 | 1 | 3 |
_aEl vértigo de la prensa _cMiguel Ángel Aguilar |
| 260 |
_aMadrid _c1982 _bMezquita |
||
| 300 | _a227 p. | ||
| 490 |
_aPeriodismo (Mezquita) _v2 |
||
| 650 | 0 | 4 |
_93729 _aPremsa _xHistòria _zEspanya |
| 650 | 0 | 4 |
_94090 _aPremsa i política _zEspanya |
| 942 |
_cMON _2udc |
||
| 999 |
_c1105 _d1105 |
||